| 000 | 00746nam a2200205 a 4500 | ||
|---|---|---|---|
| 005 | 20140412111316.0 | ||
| 008 | 030415s19uu xx 00 eng d | ||
| 020 | _a0-525-45409-8 | ||
| 050 |
_aM 808.81 _bBo66 1995 |
||
| 245 |
_aThe book of giving : _bpoems of thanks, praise, and celebration / _ccollected and illustrated by Kay Chorao. |
||
| 260 |
_aNew York : _bDutton Children's Book, _c1995. |
||
| 300 | _a56 p. ; ill. | ||
| 520 | _aA collection of poems celebrating the act of giving and the joy of receiving. | ||
| 650 | _aGenerosity--Juvenile poetry | ||
| 650 | _aChildren's poetry, American | ||
| 650 | _aChildren's poetry, English | ||
| 650 | _aGratitude--Juvenile poetry | ||
| 650 | _aPraise--Juvenile poetry | ||
| 999 |
_c104210 _d104210 |
||